[Event "EU-chT (Men) 08th"]
[Site "Plovdiv"]
[Date "1983.??.??"]
[Round "1.4"]
[White "Jakobsen, Ole"]
[Black "Mestel, A Jonathan"]
[Result "1/2-1/2"]
[WhiteElo "2445"]
[BlackElo "2505"]
[PlyCount "91"]
[EventDate "1983.06.23"]
[EventType "team-tourn"]
[EventRounds "7"]
[EventCountry "BUL"]
[SourceTitle "EU-chT"]
[Source "ChessBase"]
[SourceDate "1999.07.01"]
[SourceVersion "2"]
[SourceVersionDate "1999.07.01"]
[SourceQuality "1"]
[WhiteTeam "Denmark"]
[BlackTeam "England"]
[WhiteTeamCountry "DEN"]
[BlackTeamCountry "ENG"]

1. d4 Nf6 2. c4 g6 3. Nc3 Bg7 4. e4 d6 5. f3 O-O 6. Bg5 c5 7. d5 e6 8. Qd2 exd5
9. cxd5 a6 10. a4 Qc7 11. Bh6 Nbd7 12. Bxg7 Kxg7 13. Nh3 Rb8 14. b3 Qa5 15. Rb1
b5 16. axb5 axb5 17. Nf2 Ne5 18. Be2 b4 19. Ncd1 Ba6 20. Ne3 Ra8 21. f4 Ned7
22. O-O Bxe2 23. Qxe2 Rfe8 24. Nc4 Qc7 25. Qb2 Kg8 26. Rbe1 Rad8 27. Re2 Rf8
28. Rd1 Nh5 29. g3 Nb6 30. Ng4 f6 31. Nge3 Nxc4 32. Nxc4 Qd7 33. Rf1 f5 34. e5
dxe5 35. Rxe5 Nf6 36. d6 Qg7 37. Re7 Rf7 38. Rxf7 Qxf7 39. Rd1 Nd7 40. Re1 Re8
41. Qd2 Rxe1+ 42. Qxe1 Nf6 43. Qe5 Nd7 44. Qe3 Qd5 45. Qe8+ Nf8 46. h4 1/2-1/2

[Event "EU-chT (Men) 08th"]
[Site "Plovdiv"]
[Date "1983.??.??"]
[Round "1.5"]
[White "Keene, Raymond"]
[Black "Kristiansen, Jens"]
[Result "1/2-1/2"]
[WhiteElo "2490"]
[BlackElo "2445"]
[PlyCount "54"]
[EventDate "1983.06.23"]
[EventType "team-tourn"]
[EventRounds "7"]
[EventCountry "BUL"]
[SourceTitle "EU-chT"]
[Source "ChessBase"]
[SourceDate "1999.07.01"]
[SourceVersion "2"]
[SourceVersionDate "1999.07.01"]
[SourceQuality "1"]
[WhiteTeam "England"]
[BlackTeam "Denmark"]
[WhiteTeamCountry "ENG"]
[BlackTeamCountry "DEN"]

1. Nf3 f5 2. d4 Nf6 3. g3 e6 4. Bg2 d5 5. O-O Bd6 6. c4 c6 7. Bf4 Bxf4 8. gxf4
O-O 9. Nbd2 Ne4 10. e3 Nd7 11. Nxe4 fxe4 12. Nd2 Nf6 13. f3 exf3 14. Nxf3 Qe7
15. Ne5 Nd7 16. Qb3 Nxe5 17. fxe5 Rxf1+ 18. Rxf1 Rb8 19. cxd5 cxd5 20. e4 dxe4
21. Bxe4 Bd7 22. Qf3 h6 23. Qg4 Bc6 24. Bxc6 bxc6 25. Rf6 Rxb2 26. Qxe6+ Qxe6
27. Rxe6 Rd2 1/2-1/2

[Event "EU-chT (Men) 08th"]
[Site "Plovdiv"]
[Date "1983.??.??"]
[Round "1.8"]
[White "Hoi, Carsten"]
[Black "Hebden, Mark"]
[Result "0-1"]
[WhiteElo "2370"]
[BlackElo "2435"]
[PlyCount "50"]
[EventDate "1983.06.23"]
[EventType "team-tourn"]
[EventRounds "7"]
[EventCountry "BUL"]
[SourceTitle "EU-chT"]
[Source "ChessBase"]
[SourceDate "1999.07.01"]
[SourceVersion "2"]
[SourceVersionDate "1999.07.01"]
[SourceQuality "1"]
[WhiteTeam "Denmark"]
[BlackTeam "England"]
[WhiteTeamCountry "DEN"]
[BlackTeamCountry "ENG"]

1. d4 Nf6 2. Nc3 d5 3. Bg5 Nbd7 4. Nf3 c6 5. e3 Qb6 6. Rb1 g6 7. Bd3 Bg7 8. O-O
O-O 9. Ne5 Nxe5 10. dxe5 Ng4 11. Bxe7 Re8 12. Bh4 Nxe5 13. e4 dxe4 14. Nxe4
Nxd3 15. cxd3 Qd4 16. Qb3 Be6 17. Qxb7 f5 18. Ng5 Bd5 19. Bg3 f4 20. Bh4 h6 21.
Nh3 g5 22. Bxg5 hxg5 23. Nxg5 Qxd3 24. Rbe1 Qf5 25. h4 Qg4 0-1

[Event "EU-chT (Men) 08th"]
[Site "Plovdiv"]
[Date "1983.??.??"]
[Round "2.1"]
[White "Mortensen, Erling"]
[Black "Lobron, Eric"]
[Result "1/2-1/2"]
[WhiteElo "2475"]
[BlackElo "2515"]
[PlyCount "40"]
[EventDate "1983.06.23"]
[EventType "team-tourn"]
[EventRounds "7"]
[EventCountry "BUL"]
[SourceTitle "EU-chT"]
[Source "ChessBase"]
[SourceDate "1999.07.01"]
[SourceVersion "2"]
[SourceVersionDate "1999.07.01"]
[SourceQuality "1"]
[WhiteTeam "Denmark"]
[BlackTeam "German Fed Rep"]
[WhiteTeamCountry "DEN"]
[BlackTeamCountry "GER"]

1. e4 c6 2. d4 d5 3. exd5 cxd5 4. c4 Nf6 5. Nc3 e6 6. Nf3 Bb4 7. cxd5 Nxd5 8.
Qc2 Nc6 9. Bd3 h6 10. O-O O-O 11. Rd1 Bd6 12. a3 Nce7 13. Qe2 Bd7 14. Ne5 Bxe5
15. dxe5 Nxc3 16. bxc3 Ng6 17. Bxg6 fxg6 18. Qd3 Bc6 19. Qxd8 Rfxd8 20. Be3 Rd5
1/2-1/2

[Event "EU-chT (Men) 08th"]
[Site "Plovdiv"]
[Date "1983.??.??"]
[Round "2.2"]
[White "Kindermann, Stefan"]
[Black "Hansen, Curt"]
[Result "1/2-1/2"]
[WhiteElo "2440"]
[BlackElo "2450"]
[PlyCount "40"]
[EventDate "1983.06.23"]
[EventType "team-tourn"]
[EventRounds "7"]
[EventCountry "BUL"]
[SourceTitle "EU-chT"]
[Source "ChessBase"]
[SourceDate "1999.07.01"]
[SourceVersion "2"]
[SourceVersionDate "1999.07.01"]
[SourceQuality "1"]
[WhiteTeam "German Fed Rep"]
[BlackTeam "Denmark"]
[WhiteTeamCountry "GER"]
[BlackTeamCountry "DEN"]

1. e4 d5 2. exd5 Qxd5 3. Nc3 Qa5 4. d4 Nf6 5. Bc4 c6 6. Bd2 Bf5 7. Nf3 e6 8.
Qe2 Bb4 9. Ne5 Nbd7 10. Nxd7 Nxd7 11. a3 Bxc3 12. Bxc3 Qc7 13. d5 cxd5 14. Bxd5
O-O 15. Bf3 Nf6 16. Rc1 Nd5 17. Qe5 Qxe5+ 18. Bxe5 f6 19. Bg3 b5 20. Bxd5 exd5
1/2-1/2

[Event "EU-chT (Men) 08th"]
[Site "Plovdiv"]
[Date "1983.??.??"]
[Round "2.3"]
[White "Fedder, Steen"]
[Black "Bischoff, Klaus"]
[Result "0-1"]
[WhiteElo "2440"]
[BlackElo "2445"]
[PlyCount "80"]
[EventDate "1983.06.23"]
[EventType "team-tourn"]
[EventRounds "7"]
[EventCountry "BUL"]
[SourceTitle "EU-chT"]
[Source "ChessBase"]
[SourceDate "1999.07.01"]
[SourceVersion "2"]
[SourceVersionDate "1999.07.01"]
[SourceQuality "1"]
[WhiteTeam "Denmark"]
[BlackTeam "German Fed Rep"]
[WhiteTeamCountry "DEN"]
[BlackTeamCountry "GER"]

1. d4 Nf6 2. c4 e6 3. Nf3 c5 4. d5 exd5 5. cxd5 g6 6. Nc3 Bg7 7. d6 O-O 8. Bf4
Nc6 9. e3 h6 10. h3 a6 11. Be2 b5 12. O-O Bb7 13. Rc1 Re8 14. a4 b4 15. Nb1 Nh5
16. Bh2 Bxb2 17. Rxc5 Ng7 18. Qb3 Bf6 19. Nbd2 Ne6 20. Rcc1 Rb8 21. Ne4 Bg7 22.
Nfd2 Na5 23. Qd3 b3 24. Rc7 b2 25. Bf3 Nc6 26. Nc3 Be5 27. Bxc6 Bxh2+ 28. Kxh2
dxc6 29. Rxb7 Rxb7 30. Nce4 f5 31. Nc3 Qf6 32. Rd1 Rd8 33. Kg1 Qe5 34. Nc4 Qc5
35. Nb1 Ng5 36. Qe2 Nf7 37. Nxb2 Rxd6 38. Re1 Rb3 39. Nc4 Qb4 40. Nbd2 Rbd3 0-1

[Event "EU-chT (Men) 08th"]
[Site "Plovdiv"]
[Date "1983.??.??"]
[Round "2.4"]
[White "Reefschlaeger, Helmut"]
[Black "Jakobsen, Ole"]
[Result "1-0"]
[WhiteElo "2430"]
[BlackElo "2445"]
[PlyCount "85"]
[EventDate "1983.06.23"]
[EventType "team-tourn"]
[EventRounds "7"]
[EventCountry "BUL"]
[SourceTitle "EU-chT"]
[Source "ChessBase"]
[SourceDate "1999.07.01"]
[SourceVersion "2"]
[SourceVersionDate "1999.07.01"]
[SourceQuality "1"]
[WhiteTeam "German Fed Rep"]
[BlackTeam "Denmark"]
[WhiteTeamCountry "GER"]
[BlackTeamCountry "DEN"]

1. d4 Nf6 2. c4 e6 3. g3 d5 4. Bg2 dxc4 5. Nf3 a6 6. O-O Nc6 7. e3 Bd7 8. Nc3
Bb4 9. Qe2 Na5 10. Ne5 O-O 11. e4 Ne8 12. Rd1 Bxc3 13. bxc3 Ba4 14. Rd2 f6 15.
Nf3 Qe7 16. h4 b5 17. Rb1 Rb8 18. Bh3 Nb7 19. e5 Nd8 20. d5 f5 21. d6 Qd7 22.
dxc7 Qxc7 23. Ba3 Rf7 24. Ng5 Rd7 25. Qh5 g6 26. Qh6 Rg7 27. Rxd8 Qxd8 28. Nxe6
Qd3 29. Rc1 Rb6 30. Nxg7 Nxg7 31. Bd6 a5 32. Qg5 Rxd6 33. exd6 Qxd6 34. Qe3 Bc2
35. Bf1 Be4 36. a4 Bc6 37. axb5 Bxb5 38. Qd4 Qc6 39. Bg2 Qc7 40. Bd5+ Kh8 41.
Qf6 Qc5 42. Qf7 Qc8 43. Rb1 1-0

[Event "EU-chT (Men) 08th"]
[Site "Plovdiv"]
[Date "1983.??.??"]
[Round "2.5"]
[White "Kristiansen, Jens"]
[Black "Bastian, Herbert"]
[Result "1-0"]
[WhiteElo "2445"]
[BlackElo "2375"]
[PlyCount "87"]
[EventDate "1983.06.23"]
[EventType "team-tourn"]
[EventRounds "7"]
[EventCountry "BUL"]
[SourceTitle "EU-chT"]
[Source "ChessBase"]
[SourceDate "1999.07.01"]
[SourceVersion "2"]
[SourceVersionDate "1999.07.01"]
[SourceQuality "1"]
[WhiteTeam "Denmark"]
[BlackTeam "German Fed Rep"]
[WhiteTeamCountry "DEN"]
[BlackTeamCountry "GER"]

1. e4 c5 2. Nf3 Nf6 3. e5 Nd5 4. Nc3 e6 5. Ne4 f5 6. Nc3 Nc6 7. Nxd5 exd5 8. d4
d6 9. exd6 Bxd6 10. dxc5 Bxc5 11. Be2 O-O 12. O-O f4 13. b3 Be6 14. Bb2 Rc8 15.
Qd2 h6 16. Rad1 Rf7 17. Rfe1 Qb6 18. Bd3 Bf5 19. Bxf5 Rxf5 20. Re2 Qc7 21. Re6
Qf7 22. Rde1 Rd8 23. a3 Be3 24. Qc3 d4 25. Qc4 Na5 26. Qd3 Qxe6 27. fxe3 Rf7
28. exd4 Qf5 29. Qd2 Rc8 30. c4 Nxb3 31. Qd1 Rxc4 32. Qxb3 Qc2 33. Qb5 a6 34.
Qe8+ Rf8 35. Qe6+ Kh7 36. Ne5 Rc7 37. Bc1 Rf6 38. Qd5 Qc3 39. Qe4+ g6 40. Rf1
Qc2 41. Nd3 Rff7 42. d5 Rfe7 43. Qxf4 Qxd3 44. Qxh6+ 1-0

[Event "EU-chT (Men) 08th"]
[Site "Plovdiv"]
[Date "1983.??.??"]
[Round "2.6"]
[White "Gruen, Gerd Peter"]
[Black "Ost Hansen, Jacob"]
[Result "1/2-1/2"]
[WhiteElo "2290"]
[BlackElo "2415"]
[PlyCount "120"]
[EventDate "1983.06.23"]
[EventType "team-tourn"]
[EventRounds "7"]
[EventCountry "BUL"]
[SourceTitle "EU-chT"]
[Source "ChessBase"]
[SourceDate "1999.07.01"]
[SourceVersion "2"]
[SourceVersionDate "1999.07.01"]
[SourceQuality "1"]
[WhiteTeam "German Fed Rep"]
[BlackTeam "Denmark"]
[WhiteTeamCountry "GER"]
[BlackTeamCountry "DEN"]

1. d4 Nf6 2. Nf3 g6 3. c4 Bg7 4. Nc3 O-O 5. e4 d6 6. Be2 e5 7. Be3 Nbd7 8. O-O
Ng4 9. Bg5 f6 10. Bd2 Nh6 11. b4 Nf7 12. Qb3 Re8 13. c5 Nf8 14. cxd6 cxd6 15.
Bb5 Bd7 16. dxe5 dxe5 17. Rfd1 Bxb5 18. Nxb5 Qb6 19. Nc3 Qe6 20. Nd5 Rac8 21.
Be3 a6 22. Nd2 Nd6 23. Bc5 Kh8 24. Bxd6 Qxd6 25. Nc4 Qe6 26. Rac1 Bh6 27. Rc3
Red8 28. Rcd3 Bg7 29. a4 Qe8 30. Ndb6 Rxd3 31. Qxd3 Rc7 32. Nd5 Rd7 33. Ncb6
Rd8 34. g3 Ne6 35. Kg2 Nd4 36. Rc1 Ne6 37. h4 h5 38. Qc4 Qg8 39. Nc7 Nd4 40.
Qxg8+ Kxg8 41. Ncd5 Ne6 42. f4 exf4 43. gxf4 f5 44. e5 Kf7 45. Kf3 Bf8 46. Ke3
Bh6 47. Rc8 Bf8 48. Rxd8 Nxd8 49. Nd7 Nc6 50. Nxf8 Kxf8 51. Kd3 Nd8 52. Kc4 Ne6
53. b5 Ke8 54. bxa6 bxa6 55. Kb4 Kd7 56. Ka5 Nc5 57. Nb4 Ke6 58. Nc6 Kd5 59.
Ne7+ Ke6 60. Nc6 Kd5 1/2-1/2

[Event "EU-chT (Men) 08th"]
[Site "Plovdiv"]
[Date "1983.??.??"]
[Round "2.7"]
[White "Holm, Sejer"]
[Black "Glienke, Manfred"]
[Result "1-0"]
[WhiteElo "2345"]
[BlackElo "2335"]
[PlyCount "83"]
[EventDate "1983.06.23"]
[EventType "team-tourn"]
[EventRounds "7"]
[EventCountry "BUL"]
[SourceTitle "EU-chT"]
[Source "ChessBase"]
[SourceDate "1999.07.01"]
[SourceVersion "2"]
[SourceVersionDate "1999.07.01"]
[SourceQuality "1"]
[WhiteTeam "Denmark"]
[BlackTeam "German Fed Rep"]
[WhiteTeamCountry "DEN"]
[BlackTeamCountry "GER"]

1. d4 d5 2. c4 e6 3. Nc3 Nf6 4. Nf3 Be7 5. cxd5 exd5 6. Bf4 O-O 7. e3 c6 8. Qc2
Re8 9. Bd3 Nbd7 10. h3 Nf8 11. O-O-O Ng6 12. g4 Bd6 13. Bg5 Be7 14. Bxf6 Bxf6
15. Rdg1 Nf8 16. g5 Be7 17. h4 Be6 18. h5 Rc8 19. g6 h6 20. gxf7+ Bxf7 21. Ne5
Bf6 22. f4 Rc7 23. Kb1 Be6 24. Rg3 Bh4 25. Rg2 Bf6 26. Rhg1 Kh8 27. Qd1 Qc8 28.
Bc2 Bf5 29. Ka1 Bxc2 30. Rxc2 Qd8 31. Qd3 Rce7 32. Ne2 Qd6 33. Ng3 Qe6 34. Nf5
Rc7 35. Ng4 Nh7 36. Rcg2 Qe4 37. Qxe4 Rxe4 38. Ne5 Bxe5 39. dxe5 Rf7 40. Nd6
Re7 41. Nxe4 dxe4 42. Rd2 1-0

[Event "EU-chT (Men) 08th"]
[Site "Plovdiv"]
[Date "1983.??.??"]
[Round "2.8"]
[White "Stein, Bernd"]
[Black "Hoi, Carsten"]
[Result "0-1"]
[WhiteElo "2375"]
[BlackElo "2370"]
[PlyCount "56"]
[EventDate "1983.06.23"]
[EventType "team-tourn"]
[EventRounds "7"]
[EventCountry "BUL"]
[SourceTitle "EU-chT"]
[Source "ChessBase"]
[SourceDate "1999.07.01"]
[SourceVersion "2"]
[SourceVersionDate "1999.07.01"]
[SourceQuality "1"]
[WhiteTeam "German Fed Rep"]
[BlackTeam "Denmark"]
[WhiteTeamCountry "GER"]
[BlackTeamCountry "DEN"]

1. e4 d6 2. d4 Nf6 3. Nc3 g6 4. f4 Bg7 5. Nf3 O-O 6. Be2 c5 7. dxc5 Qa5 8. O-O
Qxc5+ 9. Kh1 Nbd7 10. Qe1 a6 11. Bd3 e5 12. Be3 Qc7 13. fxe5 dxe5 14. Qh4 b5
15. Bh6 b4 16. Nd1 Nh5 17. Bxg7 Kxg7 18. Ne3 Bb7 19. Ng5 Nc5 20. g4 f6 21. Nxh7
Nf4 22. Nxf8 Rxf8 23. Nd5 Nxd5 24. exd5 Nxd3 25. cxd3 Qc5 26. Rf3 Qxd5 27. Raf1
Qxd3 28. Qg3 Qxf1+ 0-1

[Event "EU-chT (Men) 08th"]
[Site "Plovdiv"]
[Date "1983.??.??"]
[Round "3.1"]
[White "Portisch, Lajos"]
[Black "Mortensen, Erling"]
[Result "1/2-1/2"]
[WhiteElo "2620"]
[BlackElo "2475"]
[PlyCount "91"]
[EventDate "1983.06.23"]
[EventType "team-tourn"]
[EventRounds "7"]
[EventCountry "BUL"]
[SourceTitle "EU-chT"]
[Source "ChessBase"]
[SourceDate "1999.07.01"]
[SourceVersion "2"]
[SourceVersionDate "1999.07.01"]
[SourceQuality "1"]
[WhiteTeam "Hungary"]
[BlackTeam "Denmark"]
[WhiteTeamCountry "HUN"]
[BlackTeamCountry "DEN"]

1. d4 f5 2. g3 Nf6 3. Bg2 g6 4. Nf3 Bg7 5. b3 O-O 6. Bb2 d6 7. c4 c6 8. O-O Na6
9. Nc3 Qc7 10. d5 Kh8 11. Nd4 e5 12. dxe6 Nc5 13. b4 Nxe6 14. Nb3 Ng5 15. Qd2
Nf7 16. Rac1 Ne5 17. Na5 Bd7 18. Nd1 Rae8 19. f4 Nf7 20. Nf2 Re7 21. Rfe1 Rfe8
22. Bc3 b6 23. Nb3 c5 24. Qb2 Nh5 25. Bxg7+ Nxg7 26. b5 Bc8 27. Nd1 Bb7 28.
Bxb7 Qxb7 29. Nc3 Re6 30. Nd5 Nh6 31. e3 Ng4 32. Qc3 Qf7 33. Nd2 Nf6 34. Nxf6
Qxf6 35. Qxf6 Rxf6 36. Kf2 Rfe6 37. h3 Nh5 38. g4 Nf6 39. Kf3 Kg7 40. Rc3 Kf7
41. a4 a5 42. bxa6 Ra8 43. Rb1 Rxa6 44. Rcb3 d5 45. cxd5 Nxd5 46. Nc4 1/2-1/2

[Event "EU-chT (Men) 08th"]
[Site "Plovdiv"]
[Date "1983.??.??"]
[Round "3.3"]
[White "Sax, Gyula"]
[Black "Fedder, Steen"]
[Result "1-0"]
[WhiteElo "2560"]
[BlackElo "2440"]
[PlyCount "50"]
[EventDate "1983.06.23"]
[EventType "team-tourn"]
[EventRounds "7"]
[EventCountry "BUL"]
[SourceTitle "EU-chT"]
[Source "ChessBase"]
[SourceDate "1999.07.01"]
[SourceVersion "2"]
[SourceVersionDate "1999.07.01"]
[SourceQuality "1"]
[WhiteTeam "Hungary"]
[BlackTeam "Denmark"]
[WhiteTeamCountry "HUN"]
[BlackTeamCountry "DEN"]

1. e4 c5 2. Nf3 d6 3. d4 cxd4 4. Nxd4 Nf6 5. Nc3 e6 6. g4 a6 7. g5 Nfd7 8. Be3
b5 9. a3 Bb7 10. h4 d5 11. exd5 Nb6 12. Bg2 Nxd5 13. Nxd5 Bxd5 14. Qg4 Bxg2 15.
Qxg2 Nd7 16. O-O-O Qc8 17. h5 Be7 18. g6 Bf6 19. gxf7+ Kxf7 20. Nxe6 Re8 21.
Nxg7 Bxg7 22. Qd5+ Re6 23. Qxd7+ Qxd7 24. Rxd7+ Re7 25. Rhd1 Rc8 1-0

[Event "EU-chT (Men) 08th"]
[Site "Plovdiv"]
[Date "1983.??.??"]
[Round "3.5"]
[White "Csom, Istvan"]
[Black "Kristiansen, Jens"]
[Result "1/2-1/2"]
[WhiteElo "2505"]
[BlackElo "2445"]
[PlyCount "97"]
[EventDate "1983.06.23"]
[EventType "team-tourn"]
[EventRounds "7"]
[EventCountry "BUL"]
[SourceTitle "EU-chT"]
[Source "ChessBase"]
[SourceDate "1999.07.01"]
[SourceVersion "2"]
[SourceVersionDate "1999.07.01"]
[SourceQuality "1"]
[WhiteTeam "Hungary"]
[BlackTeam "Denmark"]
[WhiteTeamCountry "HUN"]
[BlackTeamCountry "DEN"]

1. Nf3 Nf6 2. c4 g6 3. g3 Bg7 4. Bg2 O-O 5. O-O d6 6. d4 Nbd7 7. Nc3 e5 8. e4
Re8 9. h3 exd4 10. Nxd4 Nc5 11. Re1 a5 12. Qc2 a4 13. Ndb5 c6 14. Na3 Be6 15.
Bf4 Nh5 16. Be3 f5 17. exf5 Bxf5 18. Qd2 Nf6 19. g4 Be6 20. Rad1 Bf7 21. Qc2
Qa5 22. Re2 Rad8 23. Red2 Qb4 24. Bf4 d5 25. Bg3 d4 26. Rxd4 Rxd4 27. Rxd4 Nh5
28. Rd2 Nxg3 29. fxg3 g5 30. Bf1 Bxc3 31. Qxc3 Qxc3 32. bxc3 Re3 33. Nc2 Rxg3+
34. Kh2 Rxc3 35. Nd4 Bxc4 36. Bxc4+ Rxc4 37. Nf5 Ne6 38. Rd7 b5 39. Re7 Rc2+
40. Kg3 Rc3+ 41. Kh2 Rc2+ 42. Kg3 Rc3+ 43. Kh2 Nf4 44. h4 gxh4 45. Nh6+ Kh8 46.
g5 Rc2+ 47. Kh1 Re2 48. Rc7 Re8 49. Nf7+ 1/2-1/2

[Event "EU-chT (Men) 08th"]
[Site "Plovdiv"]
[Date "1983.??.??"]
[Round "3.6"]
[White "Holm, Sejer"]
[Black "Groszpeter, Attila"]
[Result "1/2-1/2"]
[WhiteElo "2345"]
[BlackElo "2505"]
[PlyCount "91"]
[EventDate "1983.06.23"]
[EventType "team-tourn"]
[EventRounds "7"]
[EventCountry "BUL"]
[SourceTitle "EU-chT"]
[Source "ChessBase"]
[SourceDate "1999.07.01"]
[SourceVersion "2"]
[SourceVersionDate "1999.07.01"]
[SourceQuality "1"]
[WhiteTeam "Denmark"]
[BlackTeam "Hungary"]
[WhiteTeamCountry "DEN"]
[BlackTeamCountry "HUN"]

1. d4 Nf6 2. c4 e6 3. Nf3 c5 4. e3 cxd4 5. exd4 d5 6. Nc3 Bb4 7. Bd3 dxc4 8.
Bxc4 O-O 9. O-O b6 10. Ne5 Bb7 11. Bg5 Be7 12. Qe2 Nd5 13. Bxd5 exd5 14. Bxe7
Qxe7 15. Qf3 Qd8 16. Rfe1 Nd7 17. Ng4 Rc8 18. Qf5 Rc6 19. Nxd5 Rd6 20. Ne7+ Kh8
21. Qf4 Nb8 22. Nf5 Rg6 23. f3 Nc6 24. Rad1 Nb4 25. Ne5 Nd5 26. Qh4 Rf6 27. Qg5
g6 28. Ng3 Rd6 29. Qd2 f5 30. Ne2 Qf6 31. Nc3 Nc7 32. Nc4 Rd7 33. Ne5 Rd6 34.
Qe2 Rfd8 35. Qc4 Ne6 36. Nb5 Rd5 37. Nc3 Rxd4 38. Rxd4 Rxd4 39. Qb5 Kg7 40. Nd7
Qe7 41. Qe5+ Kf7 42. Nf8 Kxf8 43. Qh8+ Kf7 44. Qxh7+ Kf6 45. Qh8+ Kf7 46. Qh7+
1/2-1/2

[Event "EU-chT (Men) 08th"]
[Site "Plovdiv"]
[Date "1983.??.??"]
[Round "3.7"]
[White "Schneider, Attila"]
[Black "Hoi, Carsten"]
[Result "1-0"]
[WhiteElo "2385"]
[BlackElo "2370"]
[PlyCount "83"]
[EventDate "1983.06.23"]
[EventType "team-tourn"]
[EventRounds "7"]
[EventCountry "BUL"]
[SourceTitle "EU-chT"]
[Source "ChessBase"]
[SourceDate "1999.07.01"]
[SourceVersion "2"]
[SourceVersionDate "1999.07.01"]
[SourceQuality "1"]
[WhiteTeam "Hungary"]
[BlackTeam "Denmark"]
[WhiteTeamCountry "HUN"]
[BlackTeamCountry "DEN"]

1. d4 Nf6 2. c4 d6 3. Nc3 g6 4. e4 Bg7 5. f3 e5 6. d5 Nfd7 7. h4 Na6 8. Be3
Nac5 9. b4 Na6 10. a3 h5 11. Qd2 Qe7 12. Rc1 O-O 13. Bd3 Nb6 14. Nge2 Bd7 15.
c5 dxc5 16. Bxa6 cxb4 17. Nb5 bxa6 18. Nxc7 Rac8 19. d6 Qd8 20. Qxb4 Bb5 21.
Kf2 Qd7 22. Rhd1 Bf6 23. g3 Bd8 24. Bh6 Nc4 25. Bxf8 Kxf8 26. Nc3 Qh3 27. Rh1
Qd7 28. N3xb5 axb5 29. Qxb5 Qxd6 30. Qxc4 Bxc7 31. Ke2 Kg7 32. Rhd1 Qe7 33. Rc2
Kh6 34. Qc5 Qe6 35. Rdc1 f5 36. Qe3+ f4 37. gxf4 exf4 38. Qd4 Bb6 39. Qd5 Rxc2+
40. Rxc2 Qh3 41. Qg5+ Kg7 42. Rc6 1-0

[Event "EU-chT (Men) 08th"]
[Site "Plovdiv"]
[Date "1983.??.??"]
[Round "3.8"]
[White "Fries Nielsen, Jens Ove"]
[Black "Horvath, Tamas"]
[Result "0-1"]
[WhiteElo "2440"]
[BlackElo "2410"]
[PlyCount "98"]
[EventDate "1983.06.23"]
[EventType "team-tourn"]
[EventRounds "7"]
[EventCountry "BUL"]
[SourceTitle "EU-chT"]
[Source "ChessBase"]
[SourceDate "1999.07.01"]
[SourceVersion "2"]
[SourceVersionDate "1999.07.01"]
[SourceQuality "1"]
[WhiteTeam "Denmark"]
[BlackTeam "Hungary"]
[WhiteTeamCountry "DEN"]
[BlackTeamCountry "HUN"]

1. Nf3 c5 2. e4 e6 3. Nc3 Nc6 4. Bb5 Nge7 5. O-O Ng6 6. d4 cxd4 7. Nxd4 Be7 8.
a4 O-O 9. Kh1 Qc7 10. Be3 b6 11. Nb3 Bb7 12. f4 a6 13. Bd3 Na5 14. Nxa5 bxa5
15. Rf2 f6 16. Qh5 Rac8 17. Rf3 Bc5 18. Rh3 Bxe3 19. Qxh7+ Kf7 20. Rg3 Bxf4 21.
Rxg6 Rg8 22. Rf1 Be5 23. Be2 d6 24. Rxg7+ Rxg7 25. Bh5+ Kf8 26. Qh8+ Ke7 27.
Qxg7+ Kd8 28. Qf8+ Kd7 29. Qf7+ Kc6 30. Qxe6 Kb6 31. Bg4 Rh8 32. h3 Ka7 33. Rf3
Bc8 34. Qb3 Bxg4 35. Nd5 Qb7 36. Qe3+ Kb8 37. Rf1 Be6 38. Rd1 Bxd5 39. exd5 Rh7
40. Rd3 Ka8 41. Rb3 Qxd5 42. Qe2 Qc6 43. Qg4 Rb7 44. Rxb7 Kxb7 45. c3 d5 46.
Qd1 Qc4 47. Kg1 Qe4 48. Qb3+ Kc6 49. Qd1 d4 0-1

[Event "EU-chT (Men) 08th"]
[Site "Plovdiv"]
[Date "1983.??.??"]
[Round "4.3"]
[White "Jakobsen, Ole"]
[Black "Petrosian, Tigran V"]
[Result "1/2-1/2"]
[WhiteElo "2445"]
[BlackElo "2605"]
[PlyCount "143"]
[EventDate "1983.06.23"]
[EventType "team-tourn"]
[EventRounds "7"]
[EventCountry "BUL"]
[SourceTitle "EU-chT"]
[Source "ChessBase"]
[SourceDate "1999.07.01"]
[SourceVersion "2"]
[SourceVersionDate "1999.07.01"]
[SourceQuality "1"]
[WhiteTeam "Denmark"]
[BlackTeam "Soviet Union"]
[WhiteTeamCountry "DEN"]
[BlackTeamCountry "URS"]

1. d4 d5 2. Nf3 Nf6 3. e3 c5 4. b3 Bg4 5. Be2 e6 6. O-O Nc6 7. Bb2 Be7 8. Nbd2
O-O 9. c4 Rc8 10. dxc5 Bxc5 11. Rc1 Be7 12. Nd4 Bxe2 13. Qxe2 Nxd4 14. Bxd4 Qa5
15. cxd5 Qxd5 16. Qf3 Qxf3 17. Nxf3 Ba3 18. Rxc8 Rxc8 19. Bxf6 gxf6 20. g4 Kf8
21. Rd1 Ke7 22. Kf1 a6 23. Ke2 Bb4 24. Nd4 Rc5 25. a4 Rc3 26. Rd3 Rc8 27. h3 h5
28. Rd1 hxg4 29. hxg4 Rc3 30. Rd3 Rc8 31. Rd1 Ba5 32. Rd3 Bb6 33. Kf3 Ba5 34.
Ke2 f5 35. g5 Rh8 36. b4 Bb6 37. Nf3 Bc7 38. b5 axb5 39. axb5 Ra8 40. Rc3 Bd6
41. Nd4 Ra2+ 42. Rc2 Rxc2+ 43. Nxc2 Bc5 44. f4 Kd6 45. Kd3 Kd5 46. Ne1 Bf8 47.
Nf3 Bg7 48. Nd2 b6 49. e4+ fxe4+ 50. Nxe4 Bb2 51. Ng3 Bc1 52. Ne2 Ba3 53. Nc3+
Kc5 54. Ke4 Kb4 55. Ne2 Kxb5 56. Ke5 Be7 57. g6 fxg6 58. Kxe6 Bc5 59. f5 gxf5
60. Kxf5 Kc4 61. Ke4 b5 62. Nf4 b4 63. Nd3 b3 64. Nb2+ Kc3 65. Na4+ Kb4 66. Nb2
Ka3 67. Nd1 Ka2 68. Kd3 Bb4 69. Kc4 Bd2 70. Kd3 Ba5 71. Kc4 Be1 72. Kd3 1/2-1/2